| 000 | 00495nam a22001697a 4500 | ||
|---|---|---|---|
| 005 | 20151103152318.0 | ||
| 010 | _aENG-113757 | ||
| 020 |
_a9789383450053 _c150.00 |
||
| 035 | _aEN-97289 | ||
| 037 | _bDBAD/PUB | ||
| 082 | _a181.46 | ||
| 245 | _aInspirational talks with Swami Vivekananda | ||
| 260 |
_aNoida _bVPS Engineering Impex _c2015(repr.) |
||
| 270 |
_aA-8, Hosiery Complex, Phase-II _bNoida _e201305 |
||
| 300 |
_a116p. _c21cm(pbk) |
||
| 942 |
_2ddc _cEN _mINS _h181.46 |
||
| 999 |
_c95388 _d95388 |
||